Countries within 500km of Poland - Statistics

General Stats
  • This quiz has been taken 39 times
  • The average score is 20 of 21
Answers on the Map
Answers color-coded by a green-red scale on the quiz's map according to % correct below.
 
Answer Stats
Answer % Correct
Austria
100%
Croatia
100%
Estonia
100%
Hungary
100%
Romania
100%
Russia
100%
Sweden
100%
Ukraine
100%
Belarus
97%
Czech Republic
97%
Germany
97%
Latvia
97%
Lithuania
97%
Moldova
97%
Bosnia and Herzegovina
94%
Denmark
94%
Serbia
94%
Slovakia
94%
Slovenia
94%
Netherlands
91%
Italy
89%
No matching quizzes found
Score Distribution
Percent of People with Each Score
Percentile by Number Answered
Your Score History
You have not taken this quiz